| 000 -LEADER |
| fixed length control field |
00641pab a2200205 454500 |
| 008 - FIXED-LENGTH DATA ELEMENTS--GENERAL INFORMATION |
| fixed length control field |
180718b2005 xxu||||| |||| 00| 0 eng d |
| 100 ## - MAIN ENTRY--PERSONAL NAME |
| Personal name |
Lloyd, Cynthia B. |
| 245 ## - TITLE STATEMENT |
| Title |
The effect of gender differences in primary school access, type, and quality on the decision to enroll in rural Pakistan |
| 260 ## - PUBLICATION, DISTRIBUTION, ETC. |
| Date of publication, distribution, etc. |
2005 |
| 300 ## - PHYSICAL DESCRIPTION |
| Extent |
p.685-710. |
| 362 ## - DATES OF PUBLICATION AND/OR SEQUENTIAL DESIGNATION |
| Dates of publication and/or sequential designation |
Apr |
| 650 ## - SUBJECT ADDED ENTRY--TOPICAL TERM |
| Topical term or geographic name entry element |
Educational attendance - Pakistan |
| 650 ## - SUBJECT ADDED ENTRY--TOPICAL TERM |
| Topical term or geographic name entry element |
Women - Pakistan |
| 650 ## - SUBJECT ADDED ENTRY--TOPICAL TERM |
| Topical term or geographic name entry element |
Primary schools - Pakistan |
| 650 ## - SUBJECT ADDED ENTRY--TOPICAL TERM |
| Topical term or geographic name entry element |
Primary schools |
| 700 ## - ADDED ENTRY--PERSONAL NAME |
| Personal name |
Sathar, Zeba A. |
| 700 ## - ADDED ENTRY--PERSONAL NAME |
| Personal name |
Mete, Cem |
| 773 ## - HOST ITEM ENTRY |
| Main entry heading |
Economic Development and Cultural Change |
| 909 ## - |
| -- |
65607 |